| 000 | 00991cad a22002535a 4500 | ||
|---|---|---|---|
| 001 | E147425 | ||
| 008 | 090511s2009 xxk f 000 0 eng d | ||
| 035 | _a(Sirsi) u147425 | ||
| 041 | 0 | _aeng | |
| 050 | 0 | 4 | _a333.33 $2 18 |
| 110 | 2 |
_aJones Lang LaSalle _93755 |
|
| 245 | 0 | 0 |
_aNorth America office report _bQ1 2009 _h[electronic resource] |
| 260 |
_a[S.l.] _bJLL _c2009 |
||
| 490 | 0 |
_aNorth America Office Report _vFirst Quarter 2009 |
|
| 520 | _aReports that widespread job losses are affecting demand for office space, with landlords reducing rents and offering increased concessions to tenants to try to make their properties more attractive. | ||
| 521 | _aAdvanced | ||
| 590 | _aKA | ||
| 650 | 2 | 4 | _aNORTH AMERICA OFFICE REPORT |
| 651 | 4 |
_aUnited States _y1959- |
|
| 651 | 4 | _aCanada | |
| 690 | _aPROPERTY-COMMERCIAL PROPERTY-COMMERCIAL PROPERTY MARKET | ||
| 856 | 4 | 0 |
_uhttps://www.us.am.joneslanglasalle.com/ _zView the document at www.us.am.joneslanglasalle.com... |
| 942 | _n0 | ||
| 999 |
_c109552 _d109552 |
||